000 00725nam a2200169 i 4500
001 185054
003 ES-MaACL
005 20230906222334.0
008 160310s1917 sp |||| | spa d
110 0 _aReal Academia Nacional de Medicina (España)
_96344
245 1 0 _aMemoria leída en la solemne sesión inaugural del año de 1917 celebrada el 28 de enero de dicho año en la Real Academia de Medicina /
_cpor su secretario perpetuo, Manuel Iglesias y Diaz.
260 _aMadrid :
_b[s.n.],
_c1917 (
_fEst, tip. Enrique Teodoro)
300 _a40 p. ;
_c27 cm.
610 2 4 _aReal Academia Nacional de Medicina (España)-
_vMemorias.
_9159199
700 1 _aIglesias y Díaz, Manuel.
_9128156
852 _aES-MaACL
_j1506-F-13
999 _c185054
_d185054